| 000 | 00447nam a22001697a 4500 | ||
|---|---|---|---|
| 003 | MPLRDC | ||
| 005 | 20220104123337.0 | ||
| 008 | 210129b ||||| |||| 00| 0 eng d | ||
| 082 | _a426.2 WYH | ||
| 100 | _a王艳红等编著 | ||
| 245 |
_a儿童毛衣编结百例: 中外毛衣新编. 二 _c |
||
| 250 | _a一版三刷 | ||
| 260 |
_a _b上海科学技术出版社 _c1990 |
||
| 300 | _b平 | ||
| 650 | _a家庭刺绣 | ||
| 942 |
_cBK _o426.2 WYH |
||
| 999 |
_c10634 _d10624 |
||